Statistics for Brand Logos A-Z

Click here to take the quiz!

General Stats

  • This quiz has been taken 3,151 times
    (2,771 since last reset)
  • The average score is 18 of 26

Answer Stats

Answer% Correct
Adidas
99%
Burger King
97%
Facebook
86%
Google
86%
Chanel
84%
KFC
81%
Lays
78%
Monopoly
75%
PlayStation
74%
iTunes
73%
Samsung
72%
Toyota
72%
Xbox
70%
Yahoo
70%
Microsoft {Excel}
67%
Nerf
67%
Zoom
66%
Walmart
65%
Jetpunk
64%
Roblox
63%
Hershey's
59%
Dolby
57%
Virgin
39%
Opel
37%
Umbro
37%
Qantas
26%

Score Distribution

Percentile by Number Answered

Percent of People with Each Score

Your Score History

You have not taken this quiz since the last reset